000
00348nam a22001577a 4500
003
OSt
008
240410b |||||||| |||| 00| 0 eng d
020
_a
9789355519993
082
_a
005.133 PLC
100
_a
PLOETZ,Aaron
245
_a
Code with JAVA21
250
_a
1st Ed
260
_a
New Delhi
_b
BPB
_c
2024
300
_a
413
942
_2
ddc
_c
BK
999
_c
12430
_d
12430